00255nam a2200109Ia 4500008004100000100002000041245003000061260001600091260000900107546001200116999001700128170619s9999 xx 000 0 und d aStein- Jonathan 0aDigital Signal Processing bWiley-India c2009 aENGLISH c20396d20396